000 01184nam0a22002771 4500
001 rc\2339783
005 20260407143410.0
035 _a(NLR Aleph) 006586462
090 _a7100183
_c7100183
100 _a20110829d1977 |||y0rusy50 ca
101 0 _arus
102 _aRU
105 _ay z |||||
200 1 _aТехно-рабочий проект подсистемы "Студент". Задача "Успеваемость"
_e(Метод. разработки)
_fМ-во высш. и сред. спец. образ. УССР. Киев. политехн. ин-т им. 50-летия Великой Октябрьской соц. революции
210 _aКиев
_cБ. и.
_d1977
215 _a51 с. 17 отд. л.
_d20
300 _aНа обороте тит. л.: отв. исполн. Бровченко Н.Н.
320 _aБиблиогр.: с. 51
702 1 _aБровченко
_bН.Н.
_4570
712 0 2 _aКиевский политехнический институт
_3RU\NLR\AUTH\8810015198
_9528266
801 0 _aRU
_bNLR
_gpsbo
801 1 _aRU
_bELAR
_2rusmarc
852 _aNLR
_j77-4/16364
899 _aRuMoRGB
_jМ 77-12/31
942 _cBOOK
980 _aNB